000 00476 a2200133 4500
000 nam a22 7a 4500
100 _aकविता
110 _aकविता
245 _aहडोली अंचल के हिन्दी काव्य में रास्ट्रीय भावना
250 _aLatest edition
260 _bबाबा पब्लिकेशन
_c2026
264 _bबाबा पब्लिकेशन
_c2026
942 _cBK
999 _c396679
_d396679